| 000 | 00677nam a2200205Ia 4500 | ||
|---|---|---|---|
| 008 | 191130s2006##################000#0#eng## | ||
| 020 | _a9780123668707 | ||
| 040 |
_aACL _cACL |
||
| 082 | _a592.5 AAM | ||
| 100 | _aAamodt, Eric | ||
| 245 |
_aThe neurobiology of C. Elegans _cEric Aamodt |
||
| 260 |
_aAmsterdam ; Boston, MA _bElsevier / Academic Press _c2006 |
||
| 300 | _axiii, 228 p., [16] p. of plates : ill. ;24 cm | ||
| 500 | _aIncludes bibliographical references and index | ||
| 650 | _aCaenorhabditis elegans -- physiology | ||
| 650 | _aNervous System Physiological Phenomena | ||
| 990 | _a90d2bdebac10000c59e4be6707e02408 | ||
| 991 | _a204320 | ||
| 999 |
_c60573 _d60573 |
||